1299 1737 1690 1901 1806 1209 1745 1252 1398 1507 1236 1073 1420 1030 1717 1302 1336 1782 1752 1604 1985 1740 1692 1191 1120 1947 1476 1487 1124 1667 1936 1857 1008 1297 1320 1316 1716 1033 1048 1497 1923 1524 1463 1294 1528 1428 1930 1735 1924 1698 1935 1548 1070 1057 1805 1286 1998 1126 1821 1047 1381 1812 1761 1249 1579 1928 1961 1162 1055 1149 1774 1588 1245 1231 1134 1415 1755 1828 1773 1199 1024 1865 1601 1016 1247 1516 1601 1793 1818 1913 1303 1468 1554 1574 1373 1678 1900 1382 1570 BCNSPRNW ULIB Ver.6.0+V

เปลี่ยนเป็นภาษาไทย

Change to English
 แสดงรายละเอียดบรรณานุกรม
  กลับหน้าหลัก

Brief Record : Get Marc (ISO 2709) : E-mail record : QR code < ปิดหน้าต่าง
LEADER : 00000nam 2200000uu 4500
001    13399112532
003     ULIB
008    110822s2553||||th 000 0 tha d
020    9789740327264
060 04 WY20.5^bอ664ก
100 0  อารีย์วรรณ อ่วมตานี
245 10 การวิจัยเชิงคุณภาพทางการพยาบาล =^bQualitative research innursing /^cอารีย์วรรณ อ่วมตานี
246 31 Qualitative research in nursing
250    พิมพ์ครั้งที่ 2
260    กรุงเทพฯ :^bคณะพยาบาลศาสตร์ จุฬาลงกรณ์มหาวิทยาลัย,^c2553
300    297 หน้า ;^c21 ซม.
650  4 การพยาบาล^xวิจัย
650  4 วิจัยเชิงคุณภาพ
710 2  จุฬาลงกรณ์มหาวิทยาลัย. ^bคณะพยาบาลศาสตร์
945    ^p250^l0^i030464
945    ^p250^l0^i030465
945    ^p250^l0^i030466
945    ^p250^l0^i031160
945    ^p250^l0^i031161
945    ^p250^l0^i031162
995    เกษร
999 ^a ใช้งานได้ทุกระบบ
รายการนี้ยังไม่มีแท็ก
คุณยังไม่ได้ล็อกอิน คุณสามารถมีกิจกรรมร่วมกับเว็บไซต์ได้ แต่ต้องล็อกอินก่อน ::
  ล็อกอิน

รายการสื่อสารสนเทศ

ลำดับที่ ประเภท เลขเรียก/บาร์โค้ด สถานที่ สถานะ
1. วิทยาศาสตร์การแพทย์ และสุขภาพ
วิทยาศาสตร์การแพทย์ และสุขภาพ
WY20.5 อ664ก ฉ.3 
  Barcode: 030466
ห้องสมุดวิทยาเขตสวรรค์ประชารักษ์
►ส่วนจัดเก็บหนังสือเก่า สปร
บนชั้น
  ขอยืม
2. วิทยาศาสตร์การแพทย์ และสุขภาพ
วิทยาศาสตร์การแพทย์ และสุขภาพ
WY20.5 อ664ก ฉ.4 
  Barcode: 031160
ห้องสมุดวิทยาเขตสวรรค์ประชารักษ์
►ส่วนจัดเก็บหนังสือเก่า สปร
บนชั้น
  ขอยืม
3. วิทยาศาสตร์การแพทย์ และสุขภาพ
วิทยาศาสตร์การแพทย์ และสุขภาพ
WY20.5 อ664ก ฉ.6 
  Barcode: 031162
ห้องสมุดวิทยาเขตสวรรค์ประชารักษ์
►ส่วนจัดเก็บหนังสือเก่า สปร
บนชั้น
  ขอยืม

รายการใกล้เคียง
    ผู้แต่ง [อารีย์วรรณ อ่วมตานี]

    หัวเรื่อง [วิจัยเชิงคุณภาพ]

BibComment


ยังไม่เคยถูกคอมเมนท์

คอมเมนท์ทรัพยากรรายการนี้
  คอมเมนท์: การวิจัยเชิงคุณภา..


 Copyright 2026. Bcnsprnw @Library